| 000 | 00992nam a2200265Ia 4500 | ||
|---|---|---|---|
| 003 | GCL | ||
| 005 | 20240530110911.0 | ||
| 008 | 140319s2010 ua g 000 0 ara d | ||
| 017 |
_a2009/21017 _bمصر. دار الكتب |
||
| 020 | _a9772121859 | ||
| 040 |
_aGCL / _cGCL |
||
| 082 | 0 | 4 |
_a327.2/ _bهـ ع _221 |
| 100 | 0 | _aهشام محمود الاقداحى | |
| 245 | 1 | 0 |
_aعلم التفاوض الدولى والاتصال الدبلوماسى / _cهشام محمود الاقداحى |
| 260 |
_aالاسكندرية : _bمؤسسة شباب الجامعة، _c2010 |
||
| 300 |
_a439 ص. ؛ _c24 سم. |
||
| 650 | 0 | 7 |
_2qrmak _aالسياسة الدولية |
| 650 | 0 | 7 |
_2qrmak _aالعلاقات الخارجية |
| 650 | 0 | 7 |
_2qrmak _aالدبلوماسية |
| 650 | 0 | 7 |
_2qrmak _aالمفاوضات |
| 650 | 0 | 7 |
_2qrmak _aالتسوية السلمية للمنازعات |
| 650 | 0 | 7 |
_2qrmak _aالمناقشات |
| 942 |
_2ddc _cBK |
||
| 999 |
_c66316 _d66316 |
||